000 00380nam a2200097Ia 4500
008 180130s9999 xx 000 0 und d
245 _cGarcia, Bianca C.
_aNew e-learning environments: e-merging networks in the relational society
260 _c2015
300 _aBook title: An integrated approach to e-learning--Acession number C20654; pages 17-36
650 _aEDUCATION--E-LEARNING
999 _c353724
_d353724